00477 a2200157 4500010001400000020002300014035001300037037001500050082001700065100001900082245007600101260004200177270005700219300002400276500001900300 aENG-87940 c495.00a8183870252 aEN-71473 bDBAD / PUB14a352.00720683 aRajeev Narayan1 aHuman resources development in urban administration/cby Rajeev Narayan aNew DelhibSerials Publicationsc2006 a4830/24, Ansari Road, Daryaganj,bNew Delhie110 002 av,206 p.c22cm (Hb) aIncludes index